| 000 | 00578nam a2200229 a 4500 | ||
|---|---|---|---|
| 001 | BRL_297 | ||
| 005 | 20190320210656.0 | ||
| 008 | 230713s19uu----gw-o######---#000-0#ger-# | ||
| 041 | _ager | ||
| 044 | _agw | ||
| 050 | 4 |
_aTX773 _b.O38 1900 |
|
| 100 | 1 |
_aOetker _923485 |
|
| 245 | 1 | 0 |
_aDr. OETKER´S _bJubiläums-Kochbuch. |
| 260 |
_a[Alemania] _bAUSTRIA osterreichisches erzeugnis _c[19--] |
||
| 300 |
_a64 p. _bil. _c20 cm. |
||
| 500 | _aAu2340 | ||
| 650 | 1 | 4 |
_aCocina _95735 |
| 650 | 1 | 4 |
_aRepostería _95736 |
| 650 | 1 | 4 |
_aConfitería _95738 |
| 902 | _aGRL | ||
| 942 |
_2lcc _cB |
||
| 999 |
_c9110 _d9110 |
||